Les personnages d'Avengers : Doomsday - #39 - Statistiques

Statistiques générales
  • Ce quiz a été pris 104 fois
    4 depuis la dernière actualisation
  • Le résultat moyen est 28 sur 32
Statistiques - réponses
Réponse % Correct
Alexei / Red Guardian
100%
Ava Starr / Ghost
100%
Ben Grimm / La Chose
100%
Bob / Sentry
100%
Bucky Barnes / Le Soldat de l'Hiver
100%
Charles Xavier / Professeur X
100%
Erik Lehnsherr / Magneto
100%
Joaquin Torres / Falcon
100%
Johnny Storm / La torche humaine
100%
John Walker / U.S. Agent
100%
M'Baku
100%
Namor
100%
Peter Parker / Spider-Man
100%
Reed Richards / Mr Fantastic
100%
Sam Wilson / Captain America
100%
Shuri / Black Panther
100%
Steve Rogers
100%
Susan Storm / La femme invisible
100%
Thor
100%
Wade Wilson / Deadpool
100%
Yelena Belova / Black Widow
100%
Hank McCoy / Le Fauve
67%
Loki
67%
Namora
67%
Raven Darkhölme / Mystique
67%
Remy LeBeau / Gambit
67%
Scott Lang / Ant-Man
67%
Scott Summers / Cyclope
67%
Shang-Chi
67%
Victor Von Doom / Docteur Doom
67%
Kurt Wagner / Diablo
33%
Love
33%
Aucun quiz correspondant
Distribution des résultats
% des personnes avec chaque résultat
Percentile par nombre de réponses
Votre historique - résultats
Vous n’avez pas pris ce quiz depuis la dernière actualisation